000 006300000a22001930004500
001 5148
090 _a5148
100 _a19960802d1996 m||y0pory5003 ba
102 _aUK
200 _aVerification of the ECMWF wave fortecasting system against buoy and altimeter data
_fPeter Janssen, Bjorn Hansen, Jean Bidlot
210 _aReading
_cECMWF
_d1996
215 _a51 p.
_d20 cm
225 2 _aECMWF Technical Memorandum
_v229
317 _aOrigem: IM
500 0 1 _aECMWF Technical Memorandum
_h229
606 _aINSTRUMENTOS E METODOS DE OBSERVAÇÃO METEOROLOGICOS
_zIM
700 1 _aJanssen
_bPeter
700 1 _aHansen
_bBjorn
700 1 _aBidlot
_bJean